000 00906cab a2200265 4500
001 ABS55626
008 090401t1996 xxu||||| |||| 00| 0 eng d
035 _a(Sirsi) u17637
041 _aeng
100 _aPerkins, E.
245 _aBSE update
260 _c1996
350 _a0
490 _aRural Practice Bulletin
_vMay/June 1996, 16-18(3)
520 _aA detailed look at the BSE crisis, charting developments from 1986 to 1996. Assesses the effects of control measures introduced in March 1996 and outlines RICS involvement in resolving the crisis. The author is President of the RICS Rural Practice Division.
650 _aBEEF CATTLE
650 _aBSE
650 _aPROPERTY-RURAL AND NATURAL ASSETS-AGRICULTURAL PROPERTY-LIVESTOCK
650 _aMAD COW DISEASE
650 _aRICS
650 _aSLAUGHTER SCHEMES
690 _aRURAL PRACTICE
942 _n0
948 _c04/03/1997
999 _c11692
_d11692